|
|
|
|
| LEADER |
01237nam a2200289 a 4500 |
| 001 |
4448970 |
| 008 |
091026s2002 pk l 001 0 eng d |
| 010 |
|
|
|a 94930563
|
| 040 |
|
|
|a DLC
|c DLC
|
| 082 |
0 |
0 |
|a 347.5491/05
|2 21
|
| 100 |
1 |
|
|a Mahmood, Shaukat.
|9 48445
|
| 245 |
1 |
4 |
|a The law of civil procedure :
|b a detailed and exhaustive commentary on the Code of Civil Procedure, 1908, as amended up-to-date.
|n Volume 1 /
|c Shaukat Mahmood, Nadeem Shaukat.
|
| 250 |
|
|
|a 7th ed.
|
| 260 |
|
|
|a Lahore, Pakistan :
|b Legal Research Centre,
|c 2002.
|
| 300 |
|
|
|a viii. 859p. ;
|c 24 cm.
|
| 362 |
0 |
|
|a Vol.I (Section 1 to 112)
|
| 500 |
|
|
|a Spine title: Civil procedure code.
|
| 504 |
|
|
|a Includes bibliographical references.
|
| 541 |
1 |
|
|e 00010424
|
| 610 |
1 |
0 |
|a Pakistan.
|t Code of Civil Procedure, 1908.
|9 58056
|
| 650 |
|
0 |
|a Civil procedure
|z Pakistan.
|9 58057
|
| 700 |
1 |
|
|a Shaukat, Nadeem.
|9 48449
|
| 740 |
0 |
|
|a Civil procedure code.
|
| 852 |
4 |
|
|a Ayesha Abed Library
|j General Shelf
|
| 942 |
|
|
|2 ddc
|c BK
|
| 999 |
|
|
|c 5240
|d 5240
|
| 952 |
|
|
|0 0
|1 0
|2 ddc
|4 0
|6 347_549105000000000_MAH_2002
|7 0
|9 5085
|a BRACUL
|b BRACUL
|c GEN
|d 2009-11-08
|g 0.00
|l 5
|m 48
|o 347.549105 MAH
|p 3010010424
|r 2025-04-30
|s 2018-05-10
|t 1
|w 2009-11-08
|y BK
|x No price found in the accession register.
|